LEADER 01318nam0-22003971i-450- 001 990005550670203316 005 20080925120000.0 035 $a000555067 035 $aUSA01000555067 035 $a(ALEPH)000555067USA01 035 $a000555067 100 $a20080626d2007-------|0itac50------ba 101 $aita 102 $aIT 105 $a|||| ||||| 200 1 $a<>Artigianato per lo sviluppo$esecondo rapporto annuale 2007$ecurato per l'assesorato all'artigianato, cooperazione e trasporti$fErmeneia, studi& strategie di sistema 210 $aMilano$cFranco Angeli$dc2008 215 $a426 p.$d23 cm 300 $aSul front.: Provincia autonoma di Trento. 606 $aArtigianato$xEconomia$xItalia$2FI 620 $dMilano 676 $a338.64250945$v21 712 02$aErmeneia 801 $aIT$bSOL$c20120104 912 $a990005550670203316 950 $aDIP.TO SCIENZE ECONOMICHE - (SA)$dDS 300 338.64250945 ERM$e14693 DISES 951 $aDIP.TO SCIENZE ECONOMICHE - (SA)$bDS2008 1E 20080626 951 $a300 338.64250945 ERM$b14693 DISES 959 $aBK 969 $aDISES 979 $c20121027$lUSA01$h1533 979 $c20121027$lUSA01$h1613 979 $aPATRY$b90$c20121114$lUSA01$h1447 996 $aArtigianato per lo sviluppo$91131377 997 $aUNISA NUM $aUSA17734 LEADER 01988nam0 2200481 i 450 001 VAN0124637 005 20230628023648.363 017 70$2N$a9783319740188 100 $a20191022d2018 |0itac50 ba 101 $aeng 102 $aCH 105 $a|||| ||||| 200 1 $aDiscrete Stochastic Processes and Applications$fJean-François Collet 210 $aCham$cSpringer$d2018 215 $axvii, 220 p.$d24 cm 410 1$1001VAN0024506$12001 $aUniversitext$1210 $aBerlin [etc]$cSpringer$d1930- 500 1$3VAN0236213$aDiscrete Stochastic Processes and Applications$91564706 606 $a60Jxx$xMarkov processes [MSC 2020]$3VANC019842$2MF 606 $a94A17$xMeasures of information, entropy [MSC 2020]$3VANC021212$2MF 610 $aBrownian Motions$9KW:K 610 $aCoding theory$9KW:K 610 $aEntropy$9KW:K 610 $aGraduate textbook adoption$9KW:K 610 $aInformation Theory$9KW:K 610 $aMarkov Chains$9KW:K 610 $aMarkov Processes$9KW:K 610 $aPerron-Frobenius Theorem$9KW:K 610 $aPoisson process$9KW:K 610 $aPopulation dynamics$9KW:K 610 $aProbability applications$9KW:K 610 $aProbability information theory$9KW:K 610 $aSearch engine design$9KW:K 620 $aCH$dCham$3VANL001889 700 1$aCollet$bJean-François$3VANV096080$0768230 712 $aSpringer $3VANV108073$4650 801 $aIT$bSOL$c20240614$gRICA 856 4 $uhttp://doi.org/10.1007/978-3-319-74018-8$zE-book ? Accesso al full-text attraverso riconoscimento IP di Ateneo, proxy e/o Shibboleth 899 $aBIBLIOTECA DEL DIPARTIMENTO DI MATEMATICA E FISICA$1IT-CE0120$2VAN08 912 $fN 912 $aVAN0124637 950 $aBIBLIOTECA DEL DIPARTIMENTO DI MATEMATICA E FISICA$d08CONS e-book 1101 $e08eMF1101 20191022 996 $aDiscrete Stochastic Processes and Applications$91564706 997 $aUNICAMPANIA